Southville International School and Colleges
Your cart is empty.
  • Cart
  • Lists
    Public lists Eva Luna New books Lux_list list_1
    Your lists Log in to create your own lists
  • Log in to your account
  • Your cookies
  • Search history
Southville International School and Colleges
  • Advanced search
  • Recent comments
  • Most popular
  • Libraries

Log in to your account

Log in with GOOGLE


If you do not have an external account, but do have a local account, you can still log in:

  1. Home
  2. MARC view: Teddy Bears' party :
Normal view MARC view ISBD view

Teddy Bears' party : (Record no. 102230)

[ view plain ]
MARC details
000 -LEADER
fixed length control field 00632nam a2200181 a 4500
005 - DATE AND TIME OF LATEST TRANSACTION
control field 20140412111232.0
008 - FIXED-LENGTH DATA ELEMENTS--GENERAL INFORMATION
fixed length control field 020416s19uu xx 00 eng d
020 ## - INTERNATIONAL STANDARD BOOK NUMBER
International Standard Book Number 0-7239-0047-7
050 ## - LIBRARY OF CONGRESS CALL NUMBER
Classification number ER
Item number Te22 1993
100 ## - MAIN ENTRY--PERSONAL NAME
Personal name Spurgeon, Maureen
245 ## - TITLE STATEMENT
Title Teddy Bears' party :
Remainder of title a musical story book /
Statement of responsibility, etc text by Maureen Spurgeon; illustrations by Gill Guile.
260 ## - PUBLICATION, DISTRIBUTION, ETC. (IMPRINT)
Place of publication, distribution, etc England :
Name of publisher, distributor, etc Kibworth Books,
Date of publication, distribution, etc 1993.
300 ## - PHYSICAL DESCRIPTION
Extent 1 v. (unp.) ; ill.
520 ## - SUMMARY, ETC.
Summary, etc Have you ever looked for your teddy and not been able to find him? Where had he gone?
650 ## - SUBJECT ADDED ENTRY--TOPICAL TERM
Topical term or geographic name as entry element Bears
General subdivision Fiction
650 ## - SUBJECT ADDED ENTRY--TOPICAL TERM
Topical term or geographic name as entry element Children stories
General subdivision Fiction
Holdings
Withdrawn status Lost status Damaged status Use restrictions Home library Current library Shelving location Date acquired Source of acquisition Cost, normal purchase price Total Checkouts Full call number Barcode Date last seen Price effective from Koha item type
        Elizalde Library Elizalde Library Easy Reading Section 04/16/2002   50.00   ER Te22 1993 E0946 04/12/2014 04/12/2014 Books

Teddy Bears' party :

APA

Spurgeon M., . (1993). Teddy Bears' party. England: Kibworth Books.

Chicago

Spurgeon Maureen, . 1993. Teddy Bears' party. England: Kibworth Books.

Harvard

Spurgeon M., . (1993). Teddy Bears' party. England: Kibworth Books.

MLA

Spurgeon Maureen, . Teddy Bears' party. England: Kibworth Books. 1993.

  • Place hold
  • Print
  • Cite
  • Add to your cart (remove)
  • Save record
    BIBTEX Dublin Core MARCXML MARC (non-Unicode/MARC-8) MARC (Unicode/UTF-8) MARC (Unicode/UTF-8, Standard) MODS (XML) RIS
  • More searches
    Search for this title in:
    Other Libraries (WorldCat) Other Databases (Google Scholar) Online Stores (Bookfinder.com) Open Library (openlibrary.org)

Exporting to Dublin Core...

SOUTHVILLE LIBRARY

Southville International School and Colleges Library

1281 Tropical Ave. Cor. Luxembourg St., BF Homes International, Las Pinas City

Tel. No. 8256374 / 252358 Loc. 117/146

Powered by Koha